000 00590nam a2200229Ia 4500
003 OSt
005 20220918201946.0
006 a|||||r|||| 00| 0
007 ta
008 220917b |||||||| |||| 00| 0 eng d
024 _a97,722
037 _cTextual
040 _aARTS
_cARTS
_beng
041 _2eng
_aeng
082 _aV2:25wL25, K2
100 _aMelleson G B
_9101518
245 0 _aLord Clive and the stablishment of teh english in India
260 _c1962
650 _aHISTORY
942 _hV2:25wL25, K2
_cTEXL
_2CC
999 _c221316
_d221316